Statistiques concernant Intercommunalités de la Drôme

Cliquez ici pour prendre le quiz!

Statistiques générales

  • Ce quiz a été pris 24 fois
  • Le résultat moyen est 5 sur 10

Statistiques - réponses

Nombres de CommunesIntercommunalités% Correct
54Communauté d'Agglomération Valence Romans Agglo
96%
29Communauté de Communes du Val de Drôme
96%
27Montélimar-Agglomération
92%
59Communauté de Communes du Diois
67%
67Communauté de Communes des Baronnies en Drôme Provençale
54%
14Communauté de Communes Drôme Sud Provençale
42%
18Communauté de Communes du Royans-Vercors
33%
34 (dont 8 dans l'Ardèche)Communauté de Communes Porte de Dromardèche
25%
21Communauté de Communes Dieulefit-Bourdeaux
21%
15Communauté de Communes du Crestois et du pays de Saillans-Cœur de Drôme
17%

Distribution des résultats

Percentile par nombre de réponses

% des personnes avec chaque résultat

Votre développement - résultats

Vous n’avez pas pris ce quiz